000 00949nam a2200265Ia 4500
003 OSt
005 20221005105726.0
006 a|||||r|||| 00| 0
007 ta
008 221004b |||||||| |||| 00| 0 san d
020 _a9788174532609 (hbk)
_cINR 400.00
024 _a37886
037 _b363, 27/02/2018, Eastern Book Linkers
_cTextual
040 _aCRL
_cCRL
_bsan
041 _2san
_asan
082 _aO15:g, 152Q8
100 _aराजा राम, ले.
245 0 _aकथानक वल्लीः अनुवाद व समीक्षा
246 _aKathānak vallīah anuvād v samīkṣhā
260 _aनई दिल्ली
_bसंजय प्रकाशन भारत
_c2018
300 _a127पृ0
_ccm.
650 _aआलोचना
942 _hO15:g, 152Q8
_cTEXL
_2cc
999 _c1016714
_d1016714